<?xml version="1.0" encoding="UTF-8"?>
<record
    xmlns:xsi="http://www.w3.org/2001/XMLSchema-instance"
    xsi:schemaLocation="http://www.loc.gov/MARC21/slim http://www.loc.gov/standards/marcxml/schema/MARC21slim.xsd"
    xmlns="http://www.loc.gov/MARC21/slim">

  <leader>02551njm a2200397Ia 4500</leader>
  <controlfield tag="001">23952</controlfield>
  <controlfield tag="003">IT-RoPAU</controlfield>
  <controlfield tag="005">20220918181214.0</controlfield>
  <controlfield tag="008">131025s9999    xx            000 0 und d</controlfield>
  <datafield tag="040" ind1=" " ind2=" ">
    <subfield code="a">IT-RoPAU</subfield>
  </datafield>
  <datafield tag="040" ind1=" " ind2=" ">
    <subfield code="c">IT-RoPAU</subfield>
  </datafield>
  <datafield tag="999" ind1=" " ind2=" ">
    <subfield code="c">103822</subfield>
    <subfield code="d">103822</subfield>
  </datafield>
  <datafield tag="999" ind1=" " ind2=" ">
    <subfield code="b">n.d.</subfield>
  </datafield>
  <datafield tag="100" ind1=" " ind2=" ">
    <subfield code="a">AA.VV.</subfield>
    <subfield code="9">794</subfield>
  </datafield>
  <datafield tag="100" ind1=" " ind2=" ">
    <subfield code="e">Autore musica</subfield>
    <subfield code="9">7801</subfield>
  </datafield>
  <datafield tag="100" ind1=" " ind2=" ">
    <subfield code="g">Codice autore musica SPICS: 12000</subfield>
    <subfield code="9">796</subfield>
  </datafield>
  <datafield tag="245" ind1=" " ind2=" ">
    <subfield code="a">Ferrante e Teicher in Classic (Lp Uas 29192)</subfield>
  </datafield>
  <datafield tag="250" ind1=" " ind2=" ">
    <subfield code="a">1a ed.</subfield>
  </datafield>
  <datafield tag="260" ind1=" " ind2=" ">
    <subfield code="a">USA</subfield>
  </datafield>
  <datafield tag="260" ind1=" " ind2=" ">
    <subfield code="b">UNITED ARTISTS RECORDS</subfield>
    <subfield code="c">1971 [1a Ed.:1971]</subfield>
  </datafield>
  <datafield tag="300" ind1=" " ind2=" ">
    <subfield code="a">DISCO</subfield>
  </datafield>
  <datafield tag="500" ind1=" " ind2=" ">
    <subfield code="a">Arrangiamento e adattamento per orchestra di Ferrante &amp; Teicher, Don Costa &amp; Arite Beck. Musica classica arrangiata.</subfield>
  </datafield>
  <datafield tag="505" ind1=" " ind2=" ">
    <subfield code="a">Concerto per pianoforte e orchestra in si bemolle minore - Sogno d'amore - Romeo e Giulietta - Fantasie impromptu - Ninna nanna - Concerto per pianoforte e orchestra in la minore - Concerto per pianoforte e orchestra N.21 in do maggiore andante (dal film Elvira Madigan) - Soltanto il cuore solitario - Canto di primavera - Polonaise in la bemolle - Concerto N.2 per pianoforte e orchestra in do minore - Sheherazade</subfield>
  </datafield>
  <datafield tag="511" ind1=" " ind2=" ">
    <subfield code="a">direttore: Perito Nick</subfield>
  </datafield>
  <datafield tag="650" ind1=" " ind2=" ">
    <subfield code="a">ARRANGIAMENTO [DISCHI]</subfield>
    <subfield code="e">Codice MATERIA SPICS: 9950</subfield>
    <subfield code="9">7802</subfield>
  </datafield>
  <datafield tag="700" ind1=" " ind2=" ">
    <subfield code="a">Ferrante e Teicher</subfield>
    <subfield code="d">Codice autore e interprete SPICS: 13930</subfield>
    <subfield code="e">Autore e interprete</subfield>
    <subfield code="9">7803</subfield>
  </datafield>
  <datafield tag="700" ind1=" " ind2=" ">
    <subfield code="a">Cajkovskij Petr Llijch</subfield>
    <subfield code="d">Codice autore musica SPICS: 10808</subfield>
    <subfield code="e">Autore musica</subfield>
    <subfield code="p">Concerto per pianoforte e orchestra in si bemolle minore - Romeo e Giulietta - Soltanto il cuore solitario</subfield>
    <subfield code="9">7804</subfield>
  </datafield>
  <datafield tag="700" ind1=" " ind2=" ">
    <subfield code="a">Liszt Franz</subfield>
    <subfield code="d">Codice autore musica SPICS: 10789</subfield>
    <subfield code="e">Autore musica</subfield>
    <subfield code="p">Sogno d'amore</subfield>
    <subfield code="9">7805</subfield>
  </datafield>
  <datafield tag="700" ind1=" " ind2=" ">
    <subfield code="a">Chopin Fryderyk</subfield>
    <subfield code="d">Codice autore musica SPICS: 8056</subfield>
    <subfield code="e">Autore musica</subfield>
    <subfield code="p">Fantasie impromptu - Polonaise in la bemolle</subfield>
    <subfield code="9">7806</subfield>
  </datafield>
  <datafield tag="700" ind1=" " ind2=" ">
    <subfield code="a">Brahms Johannes</subfield>
    <subfield code="d">Codice autore musica SPICS: 8867</subfield>
    <subfield code="e">Autore musica</subfield>
    <subfield code="p">Ninna nanna</subfield>
    <subfield code="9">7807</subfield>
  </datafield>
  <datafield tag="700" ind1=" " ind2=" ">
    <subfield code="a">Grieg Edward</subfield>
    <subfield code="d">Codice autore musica SPICS: 10671</subfield>
    <subfield code="e">Autore musica</subfield>
    <subfield code="p">Concerto per pianoforte e orchestra in la minore</subfield>
    <subfield code="9">7808</subfield>
  </datafield>
  <datafield tag="700" ind1=" " ind2=" ">
    <subfield code="a">Mozart Wolfgang Amadeus</subfield>
    <subfield code="d">Codice autore musica SPICS: 3486</subfield>
    <subfield code="e">Autore musica</subfield>
    <subfield code="p">Concerto per pianoforte e orchestra N.21 in do maggiore andante</subfield>
    <subfield code="9">7809</subfield>
  </datafield>
  <datafield tag="700" ind1=" " ind2=" ">
    <subfield code="a">Mendelssohn Felix</subfield>
    <subfield code="d">Codice autore musica SPICS: 3873</subfield>
    <subfield code="e">Autore musica</subfield>
    <subfield code="p">Canto di primavera</subfield>
    <subfield code="9">7810</subfield>
  </datafield>
  <datafield tag="700" ind1=" " ind2=" ">
    <subfield code="a">Rachmaninov Sergej</subfield>
    <subfield code="d">Codice autore musica SPICS: 8144</subfield>
    <subfield code="e">Autore musica</subfield>
    <subfield code="p">Concerto N.2 per pianoforte e orchestra in do minore</subfield>
    <subfield code="9">7811</subfield>
  </datafield>
  <datafield tag="700" ind1=" " ind2=" ">
    <subfield code="a">Rimskij-Korsakov Nikolai</subfield>
    <subfield code="d">Codice autore musica SPICS: 10687</subfield>
    <subfield code="e">Autore musica</subfield>
    <subfield code="p">Sheherazade</subfield>
    <subfield code="9">7812</subfield>
  </datafield>
  <datafield tag="942" ind1=" " ind2=" ">
    <subfield code="c">MD</subfield>
    <subfield code="2">ddc</subfield>
  </datafield>
  <datafield tag="952" ind1=" " ind2=" ">
    <subfield code="0">0</subfield>
    <subfield code="1">0</subfield>
    <subfield code="4">0</subfield>
    <subfield code="6">23952_000000000000000</subfield>
    <subfield code="7">1</subfield>
    <subfield code="a">SPICS</subfield>
    <subfield code="b">SPICS</subfield>
    <subfield code="d">2013-10-25</subfield>
    <subfield code="l">0</subfield>
    <subfield code="o">23952</subfield>
    <subfield code="r">2013-10-25 00:00:00</subfield>
    <subfield code="w">2013-10-25</subfield>
    <subfield code="y">MD</subfield>
    <subfield code="z">Progr. Ins.: 4799 / N.Vol.: 1 / Copie: 1 - Copia rara: n.d. / date import: 01.01.2014 - By Epidotti, Trombetti, Vaglietti</subfield>
  </datafield>
</record>
